| 000 | 00792nam a2200241Ia 4500 | ||
|---|---|---|---|
| 003 | OSt | ||
| 005 | 20220923212150.0 | ||
| 006 | a|||||r|||| 00| 0 | ||
| 007 | ta | ||
| 008 | 220922b |||||||| |||| 00| 0 hin d | ||
| 024 | _a151,316 | ||
| 037 | _cTextual | ||
| 040 |
_aARTS _cARTS _bhin |
||
| 041 |
_2hin _ahin |
||
| 082 | _aMY26wN14, 152M2 | ||
| 100 | _aभंडारी, राजेन्द्र सिंह | ||
| 245 | 0 | _aपहाडो्ऱ से ऊॅंचा | |
| 246 | _aPahāḍora़ se ūॅanchā | ||
| 260 |
_aदिल्ली _b अक्षर प्रकाशन _c1982 |
||
| 300 |
_a252 पृ. _ccm. |
||
| 942 |
_hMY26wN14, 152M2 _cTEXL _2CC |
||
| 999 |
_c306989 _d306989 |
||